Những kỳ lạ trong thế giới sinh vật Sách tham khảo được giải thưởng của nhà xuất bản Giáo dục năm 1964

Những kỳ lạ trong thế giới sinh vật đơn giản nhất, trong các động vật đa bào đơn giản, ngành giun, các động vật ngành thân mềm (trai, ốc, mực) và những động vật chân khớp

Bewaard in:
Bibliografische gegevens
Hoofdauteur: Nguyễn Phúc Giác Hải
Andere auteurs: Hoàng Đức Nhuận (Tác giả)
Formaat: Boek
Taal:Vietnamese
Gepubliceerd in: H. Giáo dục 1977
Editie:In lần 3
Onderwerpen:
Tags: Voeg label toe
Geen labels, Wees de eerste die dit record labelt!
Thư viện lưu trữ: Mạng thư viện Đại học Đà Nẵng
LEADER 01468nam a22003618a 4500
001 000013467
003 9809
005 20120327090338.0
008 120315s1977 b 000 0 vieod
020 |c 0đ  |d 6000b 
041 0 |a vie 
082 |a 570  |b NG-H 
084 |a E 
100 1 |a Nguyễn Phúc Giác Hải 
245 1 0 |a Những kỳ lạ trong thế giới sinh vật  |b Sách tham khảo được giải thưởng của nhà xuất bản Giáo dục năm 1964  |c Nguyễn Phúc Giác Hải, Hoàng Đức Nhuận 
250 |a In lần 3 
260 |a H.  |b Giáo dục  |c 1977 
300 |a 178tr ; hình vẽ  |c 19cm 
520 |a Những kỳ lạ trong thế giới sinh vật đơn giản nhất, trong các động vật đa bào đơn giản, ngành giun, các động vật ngành thân mềm (trai, ốc, mực) và những động vật chân khớp 
653 |a động vật đa bào 
653 |a Sinh vật 
653 |a động vật thân mềm 
700 1 |a Hoàng Đức Nhuận  |e Tác giả 
OWN |a LSP 
AVA |a UDN50  |b LSP  |d 570 NG-H  |e available  |t Error 5001 Not defined in file expand_doc_bib_avail.  |f 3  |g 0  |h N  |i 0  |k 1 
999 |a From the UDN01 
AVA |a UDN50  |b LSP  |d 570 NG-H  |e available  |t Error 5001 Not defined in file expand_doc_bib_avail.  |f 3  |g 0  |h N  |i 0  |k 1 
TYP |a Monograph 
TYP |a Printed language 
980 |a Mạng thư viện Đại học Đà Nẵng